| 000 | 01097nam a2200241Ia 4500 | ||
|---|---|---|---|
| 003 | OSt | ||
| 005 | 20210825111956.0 | ||
| 008 | 210310s1987 ck ad fr 000 0 spa d | ||
| 040 |
_aCO-JMCR _cCO-JMCR |
||
| 041 | 0 | _aspa | |
| 082 | 0 | 4 |
_a330.1543 / _bA662v _223 |
| 100 | 1 |
_aArango C., Carlos Felipe, _917193 _eautor |
|
| 245 | 1 | 3 |
_aLa versión colombiana del Modelo Inforum : _bdescripción y aplicaciones / _cCarlos Felipe Arando, Víctor Manuel Mayorga T |
| 260 |
_aBogotá : _bBanco Central Hipotecario, _c1987 |
||
| 300 |
_a233 páginas : _bilustraciones y gráficas a blanco y negro ; _c24 cm. |
||
| 500 | _aSubtítulo tomado de caratula. | ||
| 504 | _aBibliografía: páginas 228-229 | ||
| 505 | 0 | _aLa versión colombiana del Modelo Inforum -- El sector de la construcción y la recesión de la primera parte de la década de los ochenta: Un análisis -- El impacto económico de la reforma municipal colombiana | |
| 650 | 1 | 4 |
_aDesarrollo económico _917195 _zColombia |
| 650 | 2 | 4 |
_aEconometría _zColombia _939678 |
| 700 | 1 |
_aMayorga T., Víctor Manuel, _eautor _939679 |
|
| 942 |
_2ddc _cBK |
||
| 999 |
_c8412 _d8412 |
||